Normal view
MARC view
- Population forecasting
Entry Topical Term
001 - CONTROL NUMBER
- control field: 104873
003 - CONTROL NUMBER IDENTIFIER
- control field: KE-NaSUL
005 - DATE AND TIME OF LATEST TRANSACTION
- control field: 20250825180503.0
008 - FIXED-LENGTH DATA ELEMENTS
- fixed length control field: 250825|| aca||aabn | a|a d
040 ## - CATALOGING SOURCE
- Original cataloging agency: KE-NaSUL
- Transcribing agency: KE-NaSUL
150 ## - HEADING--TOPICAL TERM
- Topical term or geographic name as entry element: Population forecasting
670 ## - SOURCE DATA FOUND
- Source citation: Work cat.: (KE-NaSUL)80556: National Research Council (U.S.) 24988, Beyond six billion, c2000.